000
00286nam a22001217a 4500
020
_a
0-408-00083-X
082
_a
621 MEC'P
100
_a
PARAISH, A
_9
76099
245
_a
MECHANICAL ENGINEERING REFERENCE BOOK
260
_a
LONDON
_b
BUTTERWORTH
_c
1978
300
_a
20-214P
942
_c
BK
999
_c
581525
_d
581525